[Event "XXX Memorial Edoardo Crespi B"]
[Site "Milano ITA"]
[Date "2009.12.04"]
[Round "1"]
[White "Oteri, Aldo"]
[Black "Cardani, Roberto"]
[Result "0-1"]
[WhiteElo "1826"]
[BlackElo "1960"]
[PlyCount "72"]
[EventDate "2009.12.04"]

1. e4 c5 2. Nf3 d6 3. d4 cxd4 4. Nxd4 Nf6 5. Nc3 a6 6. Bg5 e6 7. f4 Qb6 8. Qd2
Qxb2 9. Nb3 Qa3 10. Bxf6 gxf6 11. Be2 Nc6 12. O-O h5 13. f5 Be7 14. Rf4 Bd7 15.
Rd1 Qb4 16. Kh1 Ne5 17. fxe6 fxe6 18. Rh4 O-O-O 19. Rxh5 Kb8 20. Rxh8 Rxh8 21.
Nd4 Nc4 22. Bxc4 Qxc4 23. Nce2 d5 24. exd5 Qxd5 25. Nf4 Qd6 26. Ndxe6 Bxe6 27.
Qxd6+ Bxd6 28. Rxd6 Bxa2 29. Rxf6 Rc8 30. g4 Rxc2 31. g5 a5 32. g6 a4 33. g7 a3
34. Ne6 Bd5+ 35. Kg1 Rg2+ 36. Kf1 a2 0-1

[Event "XXX Memorial Edoardo Crespi B"]
[Site "Milano ITA"]
[Date "2009.12.04"]
[Round "1"]
[White "Paganini, Andrea"]
[Black "Ciciotti, Augusto"]
[Result "1/2-1/2"]
[WhiteElo "1753"]
[BlackElo "1878"]
[PlyCount "76"]
[EventDate "2009.12.04"]

1. e4 c5 2. d4 cxd4 3. c3 Nf6 4. e5 Nd5 5. Nf3 e6 6. cxd4 d6 7. Bc4 Nb6 8. Bb3
dxe5 9. dxe5 Qxd1+ 10. Kxd1 Bc5 11. Ke2 Bd7 12. Nc3 Bc6 13. Be3 N8d7 14. Bxc5
Nxc5 15. Nd4 Nxb3 16. axb3 Kd7 17. Rhd1 Nd5 18. Nxd5 Bxd5 19. Nf5 exf5 20.
Rxd5+ Ke6 21. Rc5 Rhc8 22. Rac1 Rxc5 23. Rxc5 Rd8 24. f4 Rd7 25. g3 f6 26. exf6
Kxf6 27. Rc8 Rd4 28. Rc4 Rd6 29. Rb4 b6 30. Rc4 Rd7 31. b4 Ke6 32. b5 Rd5 33.
Rc7 Rxb5 34. Rxa7 Rxb2+ 35. Kd3 Rxh2 36. Rxg7 Kd5 37. Rf7 Ke6 38. Rg7 h5
1/2-1/2

[Event "XXX Memorial Edoardo Crespi B"]
[Site "Milano ITA"]
[Date "2009.12.04"]
[Round "1"]
[White "Papa, Angelo"]
[Black "Formento, Paolo"]
[Result "0-1"]
[WhiteElo "1890"]
[BlackElo "1779"]
[PlyCount "90"]
[EventDate "2009.12.04"]

1. d4 d5 2. Nf3 Nf6 3. c4 c6 4. cxd5 cxd5 5. Nc3 Nc6 6. Bf4 e6 7. e3 a6 8. Rc1
Be7 9. Bd3 O-O 10. O-O h6 11. h3 Nh5 12. Bh2 f5 13. Ne5 Nxe5 14. dxe5 g6 15.
Ne2 Bd7 16. Nf4 Nxf4 17. exf4 Qb6 18. Qe2 Rac8 19. Kh1 Kh7 20. Bg1 Bc5 21. b3
Rc6 22. f3 Bxg1 23. Rxc6 Qxc6 24. Rxg1 Rc8 25. Qd2 Qc5 26. b4 Qc3 27. Qxc3 Rxc3
28. Rd1 Ba4 29. Rd2 Rc1+ 30. Kh2 Kg7 31. Kg3 Kf7 32. Kf2 Ke7 33. Ke3 Kd7 34.
Rb2 Rc3 35. Kd4 Rc1 36. Rb1 Rxb1 37. Bxb1 Kc6 38. Bd3 h5 39. h4 Kb6 40. Be2 Bc2
41. Kc3 Ba4 42. Kd4 Bb5 43. Bxb5 Kxb5 44. a3 Ka4 45. Kc5 Kxa3 0-1

[Event "XXX Memorial Edoardo Crespi B"]
[Site "Milano ITA"]
[Date "2009.12.04"]
[Round "1"]
[White "Paulovich, Adriano"]
[Black "Quagliarella, Sabino Remo"]
[Result "0-1"]
[WhiteElo "1773"]
[BlackElo "1886"]
[PlyCount "106"]
[EventDate "2009.12.04"]

1. e4 g6 2. Nf3 Bg7 3. Bc4 c6 4. Nc3 d5 5. exd5 b5 6. Be2 b4 7. Ne4 Qxd5 8. d3
f5 9. c4 bxc3 10. Nxc3 Qd6 11. O-O Nf6 12. Nd2 Ba6 13. Nc4 Qc7 14. Bg5 h6 15.
Bd2 O-O 16. Qc2 Nd5 17. Na4 Nd7 18. Rac1 Rac8 19. Ne3 Nf4 20. Bc3 Ne5 21. Nc5
Bb5 22. a4 Qd6 23. Bxe5 Bxe5 24. axb5 cxb5 25. b4 a5 26. Qa2+ Kh7 27. Nb7 Qxb4
28. Rxc8 Rxc8 29. Bf3 Nxd3 30. Qf7+ Bg7 31. Nxf5 Qb2 32. Qxg7+ Qxg7 33. Nxg7
Kxg7 34. Nxa5 b4 35. Be4 Rc3 36. Bxd3 Rxd3 37. Rb1 Ra3 38. Nb3 Kf6 39. f3 Ke5
40. Nd2 Ra4 41. Rb3 Kd4 42. Kf2 Kc5 43. Ke2 Ra6 44. Re3 e6 45. Re5+ Kd4 46. f4
Ra2 47. Rxe6 b3 48. Rd6+ Kc5 49. Rd3 b2 50. Rb3 Ra4 51. g3 Ra2 52. Kd3 Kc6 53.
Kc2 b1=Q+ 0-1

[Event "XXX Memorial Edoardo Crespi B"]
[Site "Milano ITA"]
[Date "2009.12.04"]
[Round "1"]
[White "Pepe, Mario"]
[Black "Guzzetti, Luigi Enrico"]
[Result "1-0"]
[WhiteElo "2039"]
[BlackElo "1856"]
[PlyCount "73"]
[EventDate "2009.12.04"]

1. e4 c5 2. Nf3 e6 3. d4 cxd4 4. Nxd4 a6 5. Be2 Nf6 6. Bf3 Nc6 7. O-O Qc7 8.
Re1 Ne5 9. Bf4 Bd6 10. Bg5 b5 11. g3 Bb7 12. Bg2 h6 13. Bxf6 gxf6 14. Nd2 Bc5
15. N2b3 Ba7 16. a4 b4 17. Qd2 Bc5 18. c3 bxc3 19. bxc3 Rb8 20. Rab1 h5 21.
Nxc5 Qxc5 22. Rb4 Nc4 23. Qf4 Ke7 24. Rxc4 Qxc4 25. Nf5+ Kd8 26. Qxb8+ Bc8 27.
Qb6+ Qc7 28. Qd4 e5 29. Qd6 Qxd6 30. Nxd6 Ke7 31. Rd1 a5 32. Bf1 Rf8 33. h4 Kd8
34. Bb5 Kc7 35. Nxc8 Rxc8 36. Rxd7+ Kb6 37. c4 1-0

[Event "XXX Memorial Edoardo Crespi B"]
[Site "Milano ITA"]
[Date "2009.12.04"]
[Round "1"]
[White "Perrotta, Leopoldo"]
[Black "Illyuviev, Oleg"]
[Result "0-1"]
[WhiteElo "1843"]
[BlackElo "2000"]
[PlyCount "74"]
[EventDate "2009.12.04"]

1. d4 Nf6 2. c4 d6 3. Nc3 g6 4. e4 Bg7 5. Nf3 c5 6. Be2 cxd4 7. Nxd4 Nc6 8. Be3
Qa5 9. f3 h5 10. Nb3 Qc7 11. Nd5 Qd8 12. Qd2 O-O 13. Bh6 Bxh6 14. Qxh6 Nxd5 15.
exd5 Nb4 16. Qd2 Qb6 17. a3 Nxd5 18. cxd5 Qxb3 19. O-O e6 20. dxe6 Bxe6 21. f4
Bf5 22. Bf3 Rac8 23. Bd5 Qb6+ 24. Qf2 Qb5 25. Qd4 Rc5 26. Bf3 Qb6 27. Rfd1 Rd8
28. b4 Rb5 29. Rac1 Bg4 30. Qxb6 Rxb6 31. Bxg4 hxg4 32. Rc7 Re8 33. Rd7 Re3 34.
Rc1 Rxa3 35. Rcc7 Rxb4 36. Rxf7 Rb1+ 37. Kf2 Rb2+ 0-1

[Event "XXX Memorial Edoardo Crespi B"]
[Site "Milano ITA"]
[Date "2009.12.04"]
[Round "1"]
[White "Petrone, Gianmario"]
[Black "Bertazzoli, Giulio"]
[Result "1/2-1/2"]
[WhiteElo "1736"]
[BlackElo "1857"]
[PlyCount "65"]
[EventDate "2009.12.04"]

1. e4 c6 2. d4 d5 3. Nc3 dxe4 4. Nxe4 Nf6 5. Nxf6+ exf6 6. Nf3 Bd6 7. Bc4 Qe7+
8. Qe2 Qxe2+ 9. Bxe2 Bf5 10. c3 O-O 11. O-O Nd7 12. Re1 Rfe8 13. Bd2 Nb6 14.
Bf1 Bg4 15. Rxe8+ Rxe8 16. Re1 Re6 17. Rxe6 fxe6 18. Ne1 e5 19. dxe5 Bxe5 20.
Nd3 Bd6 21. Be3 Be6 22. Bc5 Nc8 23. Bxd6 Nxd6 24. a3 Kf7 25. f3 Bd5 26. Kf2 b6
27. Ke3 c5 28. Kd2 g5 29. g3 Kg6 30. Be2 Kf5 31. Ke3 h6 32. Kd2 Ke6 33. Ke3
1/2-1/2

[Event "XXX Memorial Edoardo Crespi B"]
[Site "Milano ITA"]
[Date "2009.12.04"]
[Round "1"]
[White "Pierandrei, Cristiano"]
[Black "Casamassima, Paolo"]
[Result "1-0"]
[WhiteElo "1862"]
[BlackElo "1747"]
[PlyCount "45"]
[EventDate "2009.12.04"]

1. d4 Nf6 2. c4 e6 3. Nc3 d5 4. cxd5 exd5 5. Bg5 c6 6. Qc2 Be7 7. e3 O-O 8. Bd3
Nbd7 9. Nge2 Re8 10. O-O Nf8 11. f3 h6 12. Bh4 N6h7 13. Bf2 Bh4 14. e4 Bxf2+
15. Rxf2 f6 16. exd5 cxd5 17. Nf4 Be6 18. Re2 Qb6 19. Nxe6 Rxe6 20. Rxe6 Qxe6
21. Nxd5 Rc8 22. Qxc8 Qxd5 23. Bc4 1-0

[Event "XXX Memorial Edoardo Crespi B"]
[Site "Milano ITA"]
[Date "2009.12.04"]
[Round "1"]
[White "Riekenbrauk, Joerg"]
[Black "Krstic, Dragan"]
[Result "1-0"]
[WhiteElo "1941"]
[BlackElo "1810"]
[PlyCount "25"]
[EventDate "2009.12.04"]

1. e4 e5 2. Nf3 Nf6 3. Nc3 d6 4. d4 Bg4 5. dxe5 Bxf3 6. Qxf3 dxe5 7. Bg5 Be7 8.
Qf5 Nbd7 9. O-O-O c6 10. Bc4 Qc7 11. f4 g6 12. Rxd7 Qxd7 13. Qxe5 1-0

[Event "XXX Memorial Edoardo Crespi B"]
[Site "Milano ITA"]
[Date "2009.12.04"]
[Round "1"]
[White "Vallone, Ugo"]
[Black "Fornasir, Carlo Gustavo"]
[Result "1-0"]
[WhiteElo "1784"]
[BlackElo "1896"]
[PlyCount "107"]
[EventDate "2009.12.04"]

1. Nf3 Nf6 2. b4 e6 3. a3 b6 4. e3 Bb7 5. Bb2 c5 6. bxc5 Bxc5 7. d4 Be7 8. Nbd2
O-O 9. Bd3 d5 10. Qe2 Nbd7 11. Rc1 Ne4 12. Ba6 Bxa6 13. Qxa6 Ndf6 14. c4 Qc8
15. Qa4 Qb7 16. Qb3 Nxd2 17. Kxd2 Ne4+ 18. Ke2 dxc4 19. Qxc4 Rac8 20. Qd3 Rfd8
21. Rhd1 Nc5 22. Qb1 Na4 23. Rxc8 Rxc8 24. Ba1 Nc3+ 25. Bxc3 Rxc3 26. Qb5 Bxa3
27. Rd3 Rxd3 28. Qe8+ Bf8 29. Kxd3 a5 30. Ne5 Qe7 31. Qa8 g6 32. Nc6 Qc7 33. f4
Kg7 34. Kc4 Bb4 35. Kb5 Bd2 36. e4 Bxf4 37. Qe8 Bxh2 38. Ne7 Bg1 39. Qg8+ Kf6
40. Nc6 Kg5 41. Qh8 f6 42. e5 fxe5 43. Nxe5 Kh5 44. Qf6 Bxd4 45. g4+ Kh6 46.
Nf7+ Qxf7 47. Qxf7 e5 48. Qf6 Bc5 49. Qxe5 Bg1 50. Qf6 Bc5 51. Kc4 a4 52. Kd5
a3 53. Ke6 Be3 54. Kf7 1-0

[Event "XXX Memorial Edoardo Crespi B"]
[Site "Milano ITA"]
[Date "2009.12.04"]
[Round "1"]
[White "Villalba, Fernando"]
[Black "Margstahler, Francesco"]
[Result "1/2-1/2"]
[WhiteElo "1913"]
[BlackElo "1800"]
[PlyCount "94"]
[EventDate "2009.12.04"]

1. d4 d5 2. Nf3 Nf6 3. Bf4 c5 4. Bxb8 Rxb8 5. c3 Bf5 6. e3 Qb6 7. Qb3 c4 8.
Qxb6 axb6 9. Na3 Bd7 10. Ne5 Ba4 11. Be2 e6 12. Nb1 Bd6 13. Nd2 Nd7 14. f4 O-O
15. b3 Bc6 16. bxc4 Bxe5 17. fxe5 dxc4 18. Nxc4 Bxg2 19. Rg1 Bc6 20. Bg4 b5 21.
Nd6 Nb6 22. Be2 Nd5 23. Kd2 b4 24. cxb4 Nxb4 25. a3 Nd5 26. h4 f6 27. e4 Nc7
28. Rg3 fxe5 29. Rag1 Ne8 30. Nxe8 Rbxe8 31. Rxg7+ Kh8 32. dxe5 Rg8 33. Rxg8+
Rxg8 34. Rxg8+ Kxg8 35. Bf3 Kf8 36. Ke3 Ke7 37. Kf4 h6 38. Bd1 Be8 39. Ke3 Kd8
40. Kd4 b6 41. Kc3 Kc7 42. Kb4 Bc6 43. Bc2 Kd8 44. a4 Ke7 45. a5 bxa5+ 46. Kxa5
Be8 47. Kb6 Bg6 1/2-1/2

[Event "XXX Memorial Edoardo Crespi B"]
[Site "Milano ITA"]
[Date "2009.12.04"]
[Round "1"]
[White "Virzi, Ettore"]
[Black "Mouflih, Caesar Faycal"]
[Result "1-0"]
[WhiteElo "1974"]
[BlackElo "1843"]
[PlyCount "145"]
[EventDate "2009.12.04"]

1. e4 e5 2. Nf3 Nc6 3. Bb5 a6 4. Ba4 Nf6 5. O-O b5 6. Bb3 Be7 7. Re1 O-O 8. h3
d6 9. c3 Na5 10. Bc2 c5 11. d4 cxd4 12. cxd4 Qc7 13. Nbd2 Nc6 14. Nb3 a5 15.
Be3 Nb4 16. Bb1 a4 17. Nbd2 Ba6 18. a3 Nc6 19. Bd3 Rfc8 20. Rc1 Qd7 21. Qe2
Rab8 22. b3 exd4 23. Nxd4 Nxd4 24. Bxd4 Rxc1 25. Rxc1 axb3 26. Nxb3 Qe6 27. Nd2
d5 28. e5 Nd7 29. a4 Nf8 30. axb5 Bb7 31. Nb3 f6 32. exf6 Qxe2 33. Bxe2 gxf6
34. Ba7 Rc8 35. Rxc8 Bxc8 36. Nd4 Kf7 37. Bf3 Bb7 38. Kf1 Nd7 39. Bg4 Ne5 40.
Be6+ Ke8 41. Bf5 h5 42. f4 Nf7 43. Bg6 h4 44. Nf5 Bb4 45. Nxh4 Kf8 46. Nf3 Nd6
47. Bd3 Nc4 48. Kf2 Ke7 49. Nd4 Nb2 50. Be2 Na4 51. Nc6+ Bxc6 52. bxc6 Kd6 53.
Bd4 Bc3 54. Ke3 Kxc6 55. Bxc3 Nxc3 56. Bd3 Kd6 57. g4 Nd1+ 58. Kf3 Nb2 59. Ke2
Na4 60. h4 Nc5 61. h5 Ke7 62. Ke3 Kf7 63. Bf5 Nb3 64. Kd3 Nc1+ 65. Kd2 Nb3+ 66.
Kc3 Nc1 67. Bd3 Na2+ 68. Kd4 Nb4 69. Bf5 Nc6+ 70. Kxd5 Ne7+ 71. Kd6 Ng8 72.
Be6+ Kg7 73. Bxg8 1-0

[Event "XXX Memorial Edoardo Crespi B"]
[Site "Milano ITA"]
[Date "2009.12.05"]
[Round "2"]
[White "Andreoni, Giuseppe"]
[Black "Murli, Almerico"]
[Result "1-0"]
[WhiteElo "2037"]
[BlackElo "1816"]
[PlyCount "63"]
[EventDate "2009.12.04"]

1. e4 g6 2. d4 Bg7 3. c3 d6 4. Bd3 Nf6 5. Ne2 O-O 6. O-O e5 7. f4 Nc6 8. fxe5
dxe5 9. d5 Nb8 10. c4 Na6 11. Nbc3 Nc5 12. b4 Nxd3 13. Qxd3 Nh5 14. c5 f5 15.
Qc4 Kh8 16. exf5 Bxf5 17. Be3 Nf6 18. Rad1 Qe7 19. Bg5 Rf7 20. Nb5 a6 21. d6
cxd6 22. Nxd6 Rff8 23. Nxf5 gxf5 24. Rxf5 Qc7 25. Bxf6 Bxf6 26. Ng3 Bg7 27.
Rdf1 Rxf5 28. Nxf5 Rf8 29. Nd6 Rxf1+ 30. Qxf1 Kg8 31. Qc4+ Kf8 32. Qe6 1-0

[Event "XXX Memorial Edoardo Crespi B"]
[Site "Milano ITA"]
[Date "2009.12.05"]
[Round "2"]
[White "Bernasconi, Roberto"]
[Black "Gonella, Daniele"]
[Result "0-1"]
[WhiteElo "1941"]
[BlackElo "1856"]
[PlyCount "100"]
[EventDate "2009.12.04"]

1. e4 c5 2. Nf3 d6 3. d4 cxd4 4. Nxd4 Nf6 5. Nc3 g6 6. Be2 Bg7 7. Be3 O-O 8.
O-O Nc6 9. Nb3 Be6 10. f4 Rc8 11. Bf3 Nd7 12. Qe1 Nb6 13. Rd1 Nc4 14. Bc1 Nb4
15. Rf2 Bxc3 16. bxc3 Nxa2 17. f5 Nxc1 18. fxe6 Nxb3 19. exf7+ Rxf7 20. cxb3
Ne5 21. Qe3 Nxf3+ 22. gxf3 Qa5 23. c4 Qc5 24. Qd4 b6 25. Kg2 Qg5+ 26. Kf1 Rcf8
27. Ke2 Qc5 28. Qd2 a5 29. Qd5 Kg7 30. Rd3 Rc8 31. Rf1 Qxd5 32. Rxd5 a4 33.
bxa4 Rxc4 34. a5 bxa5 35. Rxa5 Rc2+ 36. Ke3 Rxh2 37. Rg5 h6 38. Rg3 g5 39. f4
Rh4 40. f5 Kf6 41. Kd4 g4 42. Rfg1 h5 43. R1g2 Rh1 44. Ke3 Re1+ 45. Kf4 Rf1+
46. Ke3 Kg5 47. Rd2 h4 48. Rgg2 g3 49. Ke2 Rf4 50. Ke3 Kg4 0-1

[Event "XXX Memorial Edoardo Crespi B"]
[Site "Milano ITA"]
[Date "2009.12.05"]
[Round "2"]
[White "Bertazzoli, Giulio"]
[Black "Fiorili, Roberto"]
[Result "0-1"]
[WhiteElo "1857"]
[BlackElo "1902"]
[PlyCount "88"]
[EventDate "2009.12.04"]

1. d4 g6 2. c4 Nf6 3. Nc3 d5 4. cxd5 Nxd5 5. e4 Nxc3 6. bxc3 Bg7 7. Bc4 O-O 8.
Ne2 c5 9. O-O Nc6 10. Be3 Qc7 11. Rc1 Rd8 12. Qc2 Na5 13. Qa4 a6 14. Bd3 b5 15.
Qa3 c4 16. Bb1 Nb7 17. e5 e6 18. Qb2 Bd7 19. Be4 Rab8 20. Rb1 Bc6 21. Ng3 Bf8
22. Qd2 a5 23. Bg5 Rd7 24. Qe2 Be7 25. Qe3 Rbd8 26. Bf6 Bxf6 27. exf6 Nd6 28.
Rfe1 Ne8 29. Qg5 b4 30. Bxc6 Qxc6 31. Ne4 Rd5 32. Qd2 bxc3 33. Qxc3 Rxd4 34.
Qxa5 Qd7 35. Kf1 Rxe4 36. Rec1 Qd3+ 37. Kg1 Nxf6 38. h3 Red4 39. Qc7 R4d7 40.
Qxc4 Qxc4 41. Rxc4 Rd1+ 42. Rxd1 Rxd1+ 43. Kh2 Ra1 44. a4 Nd5 0-1

[Event "XXX Memorial Edoardo Crespi B"]
[Site "Milano ITA"]
[Date "2009.12.05"]
[Round "2"]
[White "Bisignano, Giuseppe"]
[Black "Pepe, Mario"]
[Result "0-1"]
[WhiteElo "1930"]
[BlackElo "2039"]
[PlyCount "86"]
[EventDate "2009.12.04"]

1. e4 Nf6 2. e5 Nd5 3. d4 d6 4. c4 Nb6 5. exd6 cxd6 6. Nc3 Nc6 7. Be3 g6 8. b3
Bg7 9. Nf3 O-O 10. h3 e6 11. Be2 d5 12. c5 Nd7 13. Nb5 e5 14. Rc1 e4 15. Nh2 f5
16. g3 a6 17. Nc3 Nf6 18. Bg5 Be6 19. g4 Kh8 20. Qd2 Qd7 21. gxf5 Bxf5 22. h4
Rae8 23. Be3 Bh3 24. Kd1 Bg2 25. Kc2 Bxh1 26. Rxh1 Qh3 27. Qe1 Qf5 28. Kb2 Nd7
29. Qd1 Nb4 30. Ng4 Nd3+ 31. Ka3 Nf4 32. Nh6 Qf6 33. Bg4 Re7 34. h5 Qg5 35.
Bxd7 Rxd7 36. Ng4 Qf5 37. Ne5 Bxe5 38. dxe5 Kg8 39. Bxf4 Qxf4 40. Nxd5 Qxe5 41.
Nf6+ Rxf6 42. Qxd7 Qxc5+ 43. Ka4 b5+ 0-1

[Event "XXX Memorial Edoardo Crespi B"]
[Site "Milano ITA"]
[Date "2009.12.05"]
[Round "2"]
[White "Bossoni, Mario"]
[Black "Pierandrei, Cristiano"]
[Result "1/2-1/2"]
[WhiteElo "1971"]
[BlackElo "1862"]
[PlyCount "99"]
[EventDate "2009.12.04"]

1. e4 c5 2. d4 cxd4 3. c3 dxc3 4. Nxc3 Nc6 5. Nf3 g6 6. Bc4 Bg7 7. Be3 Nf6 8.
Qd2 Ng4 9. Bf4 O-O 10. O-O d6 11. Rac1 h6 12. a3 Kh7 13. Rfd1 Bd7 14. h3 Nge5
15. Nxe5 Nxe5 16. Ba2 Qa5 17. Qe2 Rac8 18. Be3 g5 19. Bd4 Ng6 20. Bxg7 Kxg7 21.
Qd2 Qe5 22. Qe3 a6 23. Rd5 Qf4 24. Qxf4 Nxf4 25. Rd2 Be6 26. Bxe6 Nxe6 27. Re1
f6 28. Nd5 Kf7 29. g3 h5 30. f4 gxf4 31. gxf4 Rc4 32. Kf2 Rg8 33. b3 Rcc8 34.
Re3 h4 35. e5 Rge8 36. f5 dxe5 37. fxe6+ Kxe6 38. Nf4+ Kf5 39. Ng2 Rh8 40. Rde2
e6 41. Re4 Rc3 42. R2e3 Rxe3 43. Kxe3 Kg6 44. Nxh4+ Kf7 45. Rc4 f5 46. Kf2 e4
47. Ng2 Rxh3 48. Rc7+ Kf6 49. Rxb7 Rd3 50. Ne1 1/2-1/2

[Event "XXX Memorial Edoardo Crespi B"]
[Site "Milano ITA"]
[Date "2009.12.05"]
[Round "2"]
[White "Carbone, Lorenzo"]
[Black "Villalba, Fernando"]
[Result "0-1"]
[WhiteElo "1808"]
[BlackElo "1913"]
[PlyCount "52"]
[EventDate "2009.12.04"]

1. e4 c5 2. Nf3 Nc6 3. d4 cxd4 4. Nxd4 g6 5. Be2 Bg7 6. Nb3 Nf6 7. Nc3 d6 8.
Be3 O-O 9. Qd2 d5 10. exd5 Nb4 11. a3 Nbxd5 12. Nxd5 Nxd5 13. c3 Nxe3 14. Qxe3
e5 15. O-O b6 16. Rad1 Qc7 17. Nd2 f5 18. Qd3 Bb7 19. Qc4+ Qxc4 20. Nxc4 Ba6
21. Rfe1 Rad8 22. Kf1 e4 23. Nd6 Bxe2+ 24. Kxe2 Be5 25. Nb5 a6 26. Nd4 Bxh2 0-1

[Event "XXX Memorial Edoardo Crespi B"]
[Site "Milano ITA"]
[Date "2009.12.05"]
[Round "2"]
[White "Cardani, Roberto"]
[Black "Vallone, Ugo"]
[Result "1-0"]
[WhiteElo "1960"]
[BlackElo "1784"]
[PlyCount "115"]
[EventDate "2009.12.04"]

1. e4 c6 2. d4 d5 3. Nc3 e6 4. Nf3 a6 5. Bd3 b5 6. a4 b4 7. Ne2 Nf6 8. Ng3 Bb7
9. e5 Nfd7 10. Ng5 g6 11. Qg4 Qe7 12. h4 h5 13. Qf3 c5 14. c3 Nc6 15. Be3 Bg7
16. O-O c4 17. Bc2 b3 18. Bb1 a5 19. Ne2 Nf8 20. Qf4 Nd8 21. Nh3 Bc6 22. Qg5
Qxg5 23. Bxg5 Nd7 24. Nhf4 Nf8 25. f3 Bd7 26. g4 hxg4 27. fxg4 Bh6 28. Bf6 Rg8
29. Kf2 Bxf4 30. Nxf4 Nh7 31. g5 Nxf6 32. gxf6 Kf8 33. Rg1 Rh8 34. Bxg6 Rxh4
35. Ng2 Rh6 36. Nf4 fxg6 37. Nxg6+ Kf7 38. Ne7 Rh7 39. Rg8 Nc6 40. Rxa8 Nxe7
41. fxe7 Rh2+ 42. Kg3 Rxb2 43. Ra7 Be8 44. Rf1+ Kg6 45. Rf8 Bxa4 46. e8=Q+ Bxe8
47. Rxe8 Kf5 48. Kf3 Rc2 49. Rf7+ Kg6 50. Rf6+ Kg7 51. Re7+ Kg8 52. Rfxe6 Rxc3+
53. Kg4 Rc1 54. Rb6 Rf1 55. Ra7 a4 56. Rxa4 c3 57. Rxb3 c2 58. Rb8+ 1-0

[Event "XXX Memorial Edoardo Crespi B"]
[Site "Milano ITA"]
[Date "2009.12.05"]
[Round "2"]
[White "Casamassima, Paolo"]
[Black "Chiesa, Matteo"]
[Result "0-1"]
[WhiteElo "1747"]
[BlackElo "1839"]
[PlyCount "38"]
[EventDate "2009.12.04"]

1. e4 d6 2. d4 Nf6 3. Nc3 g6 4. Bg5 Bg7 5. f4 O-O 6. Nf3 c5 7. e5 Ng4 8. Nd5
Nc6 9. Bb5 Qa5+ 10. Nc3 cxd4 11. Bxc6 dxc3 12. b3 Qc5 13. Qe2 bxc6 14. Bxe7 Ba6
15. Bxd6 Qb6 16. Qe4 Qf2+ 17. Kd1 Qxg2 18. Kc1 Qxh1+ 19. Ne1 Qxe4 0-1

[Event "XXX Memorial Edoardo Crespi B"]
[Site "Milano ITA"]
[Date "2009.12.05"]
[Round "2"]
[White "Casartelli, Fabio"]
[Black "Acunzo, Domenico"]
[Result "0-1"]
[WhiteElo "1908"]
[BlackElo "1808"]
[PlyCount "76"]
[EventDate "2009.12.04"]

1. e4 e6 2. d4 d5 3. exd5 exd5 4. Nf3 Nf6 5. Bd3 c5 6. O-O c4 7. Re1+ Be7 8.
Bf1 O-O 9. Nc3 Bb4 10. h3 a6 11. Bg5 Bxc3 12. bxc3 Qd6 13. Qe2 Nc6 14. Rab1 b5
15. a4 Ne4 16. Bd2 bxa4 17. Ne5 Nxe5 18. dxe5 Qg6 19. g3 Be6 20. Bg2 Nxd2 21.
Qxd2 Rfd8 22. Rb6 h6 23. Ra1 Rdb8 24. Rxb8+ Rxb8 25. Rxa4 Rb1+ 26. Kh2 Rb2 27.
Rxa6 Rxc2 28. Qd4 Qd3 29. Ra1 Qxd4 30. cxd4 Rd2 31. g4 Rxd4 32. Kg3 g5 33. Re1
Rd2 34. Kf3 d4 35. Bf1 Bd5+ 36. Kg3 c3 37. Rc1 Bb3 38. Kf3 Rd1 0-1

[Event "XXX Memorial Edoardo Crespi B"]
[Site "Milano ITA"]
[Date "2009.12.05"]
[Round "2"]
[White "Ciciotti, Augusto"]
[Black "Petrone, Gianmario"]
[Result "1-0"]
[WhiteElo "1878"]
[BlackElo "1736"]
[PlyCount "72"]
[EventDate "2009.12.04"]

1. d4 Nf6 2. c4 g6 3. Nc3 d5 4. Nf3 Bg7 5. Qb3 dxc4 6. Qxc4 Bf5 7. Qb5+ Qd7 8.
Qxb7 Qc6 9. Qxc6+ Nxc6 10. Bf4 Nb4 11. Rc1 c6 12. g3 Rd8 13. Bg2 Nc2+ 14. Kf1
Nxd4 15. Nxd4 Rxd4 16. Bxc6+ Bd7 17. Bf3 O-O 18. Kg2 Rc8 19. Be3 Rb4 20. b3 Ng4
21. Bxg4 Bxg4 22. Nd5 Rxc1 23. Rxc1 Rb7 24. f3 Be6 25. Nf4 Bd7 26. Nd3 Bf5 27.
Nc5 Rc7 28. g4 Bb2 29. Rd1 Bc2 30. Rd2 Bc1 31. Rd8+ Kg7 32. Bxc1 Rxc5 33. Bb2+
Kh6 34. Rg8 f6 35. h4 Ra5 36. Bc3 Rxa2 1-0

[Event "XXX Memorial Edoardo Crespi B"]
[Site "Milano ITA"]
[Date "2009.12.05"]
[Round "2"]
[White "Formento, Paolo"]
[Black "Riekenbrauk, Joerg"]
[Result "1-0"]
[WhiteElo "1779"]
[BlackElo "1941"]
[PlyCount "69"]
[EventDate "2009.12.04"]

1. e4 d5 2. exd5 Nf6 3. d4 Bg4 4. Be2 Bxe2 5. Qxe2 Qxd5 6. Nf3 Nc6 7. c4 Qe4 8.
Nc3 Qxe2+ 9. Kxe2 e6 10. Rd1 O-O-O 11. Bf4 Bd6 12. Bxd6 cxd6 13. Rac1 Rd7 14.
Kf1 h6 15. a3 g5 16. d5 Ne5 17. Nxe5 dxe5 18. d6 Rhd8 19. c5 Ne8 20. b4 Kb8 21.
Rd3 a6 22. a4 f5 23. Rcd1 g4 24. Re3 e4 25. f3 b6 26. fxg4 bxc5 27. bxc5 Rc8
28. gxf5 Rxc5 29. fxe6 Rxd6 30. Rb1+ Ka7 31. Nxe4 Rxe6 32. Rb7+ Ka8 33. Nxc5
Rxe3 34. Rb6 Nc7 35. Nxa6 1-0

[Event "XXX Memorial Edoardo Crespi B"]
[Site "Milano ITA"]
[Date "2009.12.05"]
[Round "2"]
[White "Fornasir, Carlo Gustavo"]
[Black "Attuati, Stefano"]
[Result "1-0"]
[WhiteElo "1896"]
[BlackElo "1801"]
[PlyCount "41"]
[EventDate "2009.12.04"]

1. e4 e6 2. d4 d5 3. Nc3 Nf6 4. Bd3 c5 5. dxc5 Bxc5 6. e5 Nfd7 7. Qg4 Kf8 8. f4
Qb6 9. Nf3 Bf2+ 10. Ke2 Nc5 11. Rf1 Nxd3 12. cxd3 Bc5 13. Nxd5 Qd8 14. Nc3 Nc6
15. a3 b6 16. Be3 Ba6 17. Rfd1 Nd4+ 18. Nxd4 Bxd4 19. Qf3 Bxc3 20. bxc3 Qc7 21.
Qxa8+ 1-0

[Event "XXX Memorial Edoardo Crespi B"]
[Site "Milano ITA"]
[Date "2009.12.05"]
[Round "2"]
[White "Guzzetti, Luigi Enrico"]
[Black "Alidosi, Marco"]
[Result "1/2-1/2"]
[WhiteElo "1856"]
[BlackElo "1789"]
[PlyCount "76"]
[EventDate "2009.12.04"]

1. e4 c5 2. Nf3 Nc6 3. d4 cxd4 4. Nxd4 g6 5. Be3 Bg7 6. Be2 Nf6 7. Nc3 O-O 8.
O-O d5 9. exd5 Nxd5 10. Nxd5 Nxd4 11. Bxd4 Qxd5 12. Bxg7 Qxd1 13. Raxd1 Kxg7
14. f4 Be6 15. Bf3 Rac8 16. c3 Rc7 17. Rd4 b6 18. a3 Rfc8 19. Kf2 h5 20. Rfd1
Kf6 21. h3 Rc5 22. Rd8 R8c7 23. g4 hxg4 24. hxg4 Rc8 25. Kg3 Rxd8 26. Rxd8 Rc7
27. Rg8 Bb3 28. g5+ Ke6 29. Rd8 Bc2 30. Bd5+ Kf5 31. Bxf7 e5 32. Rd5 Re7 33.
Rxe5+ Rxe5 34. fxe5 Kxe5 35. c4 Kf5 36. Kh4 Bb3 37. Bd5 b5 38. Bc6 Bxc4 1/2-1/2

[Event "XXX Memorial Edoardo Crespi B"]
[Site "Milano ITA"]
[Date "2009.12.05"]
[Round "2"]
[White "Krstic, Dragan"]
[Black "Cartella, Giovanni"]
[Result "1-0"]
[WhiteElo "1810"]
[BlackElo "1872"]
[PlyCount "91"]
[EventDate "2009.12.04"]

1. e4 c5 2. Nf3 d6 3. d4 cxd4 4. Nxd4 Nf6 5. Nc3 a6 6. Be2 e5 7. Nf3 h6 8. O-O
Be7 9. Rb1 O-O 10. h3 Be6 11. Be3 b5 12. a3 Nc6 13. Qd2 Na5 14. Rfe1 Rc8 15.
Nd5 Bxd5 16. exd5 Nc4 17. Bxc4 Rxc4 18. b3 Rc8 19. Ba7 Qc7 20. Be3 Qxc2 21. Qa5
Nxd5 22. Rec1 Qg6 23. Qxa6 Rxc1+ 24. Rxc1 Nxe3 25. fxe3 Qd3 26. Qa7 Qxb3 27.
Kh1 Bf6 28. Re1 Qc3 29. Rd1 e4 30. Ng1 Be5 31. Rf1 Qc6 32. Qe7 Qe8 33. Qb7 Qa8
34. Qxb5 Qxa3 35. Re1 Qc5 36. Qd7 Qc3 37. Re2 Ra8 38. Qb7 Ra4 39. g4 Rb4 40.
Qd7 Rb1 41. Qe8+ Kh7 42. Qxf7 Bf6 43. g5 Bxg5 44. Qf5+ Kg8 45. Qe6+ Kh8 46.
Qe8+ 1-0

[Event "XXX Memorial Edoardo Crespi B"]
[Site "Milano ITA"]
[Date "2009.12.05"]
[Round "2"]
[White "Lancianese, Giuseppe"]
[Black "Baccarin, Stefano"]
[Result "1-0"]
[WhiteElo "1786"]
[BlackElo "1840"]
[PlyCount "109"]
[EventDate "2009.12.04"]

1. d4 Nf6 2. c4 g6 3. Nc3 Bg7 4. e4 d6 5. Nf3 O-O 6. Be2 e5 7. dxe5 dxe5 8. Qc2
Nc6 9. a3 Bg4 10. O-O Bxf3 11. Bxf3 Nd4 12. Qd1 c5 13. Nd5 Ne8 14. Be3 Nd6 15.
b3 Rc8 16. Re1 Re8 17. g3 f5 18. Bxd4 cxd4 19. Qd3 Rf8 20. Rac1 fxe4 21. Bxe4
Qd7 22. Rc2 Rf7 23. Rce2 Rcf8 24. Rf1 Nxe4 25. Qxe4 Rf3 26. Rb2 Kh8 27. Rd1
R3f5 28. Rf1 Rh5 29. f4 Qf5 30. Re2 Qxe4 31. Rxe4 Rhf5 32. Rf3 g5 33. Kg2 gxf4
34. gxf4 exf4 35. Rexf4 Rxf4 36. Nxf4 Re8 37. Rd3 Bh6 38. Kf3 Rf8 39. Rxd4 Bg7
40. Re4 Bh6 41. Kg4 Rf7 42. a4 Kg7 43. b4 Rd7 44. c5 Kf7 45. b5 Bf8 46. c6 bxc6
47. bxc6 Rc7 48. Rc4 Ke8 49. Re4+ Kf7 50. Rc4 Ke8 51. Nd5 Rc8 52. Kf5 h6 53.
Ke6 Ba3 54. c7 Bf8 55. Rg4 1-0